Management of quality in local government /

Enregistré dans:
Détails bibliographiques
Autres auteurs: Sanderson, Ian
Format: Livre
Publié: London : Longman , c1992.
Sujets:
Tags: Ajouter un tag
Pas de tags, Soyez le premier à ajouter un tag!

MARC

LEADER 00000nam a2200000 4500
020 |a 9780582091047  |c NA 
040 |a MUL  |b eng  |e AACR 
082 |a 352.041 MAN 
245 |a Management of quality in local government /  |c edited Ian, Sanderson. 
260 |a  London :  |b Longman ,  |c c1992. 
300 |a 217 p . ;   |c 22 cm. 
504 |a Includes index. 
546 |a eng.  
650 |a Local government  |b Great Britain 
650 |a Administration 
700 |a Sanderson, Ian  
942 |c BK 
999 |c 2139  |d 2139